| 000 | 00531cam a2200205ua 4500 | ||
|---|---|---|---|
| 020 | _c125.00 | ||
| 041 |
_aeng _h |
||
| 082 |
_a664.028 _bGIR/PR |
||
| 100 | _aGirdharilal, . | ||
| 245 |
_aPreservation of fruits and vegetables / _cGirdharilal. _hTextual Documents |
||
| 250 |
_a1 / _b. |
||
| 260 |
_a : _bIndian Council for Agricultural Research , _c1998. |
||
| 300 | _a488 ; . | ||
| 365 | _a125.00 | ||
| 504 | _a | ||
| 700 | 1 | _aSiddappa, G.S . | |
| 700 | 1 | _aTandon, G.L . | |
| 942 | _cBK | ||
| 999 |
_c2523 _d2523 |
||